000 00291nam a2200121Ia 4500
008 151213s9999 xx 000 0 und d
245 _aThe Random House Thesaurus
260 _aNew York
_bRandom House
_c1984
300 _a2691 p.
650 _aThesaurus
650 _aThesaurus
999 _c1803
_d1803